00443 2200169 4500001002100000005001500021035002000036245004100056100001800097250000600115300001800121260006200139082001600201084002200217020001800239650001600257INLIS00000000000203120250320011532 a0010-03250000761 aburung biru pendiam /ckang, eunsook1 akang, eunsook a1 a20 ;c21 x 29 ajakarta :bbadan pengembangan dan pembinaan bahasa,c2021 a398.209 598 a398.209 598 KAN b a9786233073646 4acerita anak